| 000 | 00622nam a2200181 i 4500 | ||
|---|---|---|---|
| 001 | 81122 | ||
| 003 | ES-MaACL | ||
| 005 | 20230906174356.0 | ||
| 007 | t| | ||
| 008 | 041103q1946 sp ||||1| spa d | ||
| 100 | 1 |
_aHoyos Sáinz, Luis de, _d1868-1951 _964437 |
|
| 245 | 1 | 0 |
_aCómo se estudian las fiestas populares y tradicionales / _cLuis de Hoyos Sáinz. |
| 260 |
_a[S.l. : _bs.n., _c1946?] |
||
| 300 |
_a13 h. ; _c24 cm. |
||
| 500 | _aEs separata de: Revista de Dialectología y Tradiciones Populares. Tom. II, 1946, cuaderno 4º, 544-567. | ||
| 852 |
_aES-MaACL _j1879-F-3 _bR.25442 |
||
| 999 |
_c81122 _d81122 |
||